[Event "Titled Tuesday intern op 5th Nov"]
[Site "Chess.com INT"]
[Date "2019.11.05"]
[Round "1"]
[White "Wu, Brandon"]
[Black "Jones, Gawain C B"]
[Result "1/2-1/2"]
[WhiteElo "2123"]
[BlackElo "2663"]
[PlyCount "130"]
[EventDate "2019.11.05"]
[EventType "swiss (blitz)"]
[EventRounds "10"]
[EventCountry "USA"]
[SourceTitle "EXT 2021"]
[Source "ChessBase"]
[SourceDate "2020.10.23"]
[SourceVersion "1"]
[SourceVersionDate "2020.10.23"]
[SourceQuality "1"]

1. Nf3 g6 2. c4 Bg7 3. g3 c5 4. Bg2 Nc6 5. 0-0 d6 6. Nc3 Bf5 7. d3 Qd7 8. Bd2 Bh3 9. Rb1 Nf6 10. a3 Bxg2 11. Kxg2 d5 12. Nxd5 Nxd5 13. cxd5 Qxd5 14. Bc3 Bxc3 15. bxc3 b6 16. Qa4 Qd7 17. Rfd1 0-0 18. d4 Qc7 19. dxc5 bxc5 20. Qb5 Ne5 21. Qb7 Qxb7 22. Rxb7 Nc6 23. Rd5 c4 24. Rc7 Rfc8 25. Rxc8+ Rxc8 26. Rc5 e6 27. Rxc4 Kg7 28. Nd4 Ne7 29. Rxc8 Nxc8 30. Kf3 Nd6 31. a4 a6 32. Nc6 Kf6 33. Ke3 e5 34. Kd3 Ke6 35. c4 Nb7 36. a5 Kd6 37. Nb4 Nc5+ 38. Ke3 f5 39. f4 exf4+ 40. gxf4 Nb3 41. Nxa6 Nxa5 42. Kd3 Nc6 43. e4 fxe4+ 44. Kxe4 Na5 45. Kd4 Nc6+ 46. Ke4 Na5 47. c5+ Kc6 48. Ke5 Nc4+ 49. Kf6 Ne3 50. Kg7 Nd5 51. Nb4+ Nxb4 52. Kxh7 Nd3 53. Kxg6 Nxf4+ 54. Kg5 Ng2 55. Kg4 Kxc5 56. Kg3 Ne3 57. Kf4 Nc4 58. h4 Kd6 59. Kg5 Ke6 60. h5 Ne5 61. h6 Kf7 62. Kf5 Ng6 63. h7 Nh8 64. Ke5 Kg6 65. Kd5 Kxh7 1/2-1/2

[Event "Continental op 49th"]
[Site "Sturbridge"]
[Date "2019.08.18"]
[Round "8"]
[White "Wu, Brandon"]
[Black "Krishnakumar, Sriram"]
[Result "1-0"]
[WhiteElo "2023"]
[BlackElo "1854"]
[PlyCount "65"]
[EventDate "2019.08.14"]
[EventType "swiss"]
[EventRounds "9"]
[EventCountry "USA"]
[SourceTitle "CBM 191 Extra"]
[Source "ChessBase"]
[SourceDate "2019.09.30"]
[SourceVersion "1"]
[SourceVersionDate "2019.09.30"]
[SourceQuality "1"]

1. Nf3 d5 2. g3 c5 3. Bg2 Nc6 4. d4 e6 5. 0-0 Nf6 6. c4 Be7 7. Nc3 dxc4 8. Qa4 0-0 9. dxc5 Bxc5 10. Qxc4 Be7 11. Bf4 Qa5 12. a3 Qc5 13. Qxc5 Bxc5 14. h3 Nh5 15. Bc7 Nf6 16. Rfd1 Re8 17. b4 Bb6 18. Nb5 a6 19. Bxb6 axb5 20. Nd4 Nxd4 21. Rxd4 Ra6 22. Bc5 Nd7 23. Bd6 Nb6 24. Bc5 Nd7 25. Rad1 b6 26. Bd6 Nf6 27. R1d3 h6 28. Be5 Ra7 29. Bc6 Rf8 30. Rd8 Nd5 31. Rxf8+ Kxf8 32. e4 f6 33. Bb8 1-0

[Event "Continental op 49th"]
[Site "Sturbridge"]
[Date "2019.08.17"]
[Round "6"]
[White "Wu, Brandon"]
[Black "Kiewra, Keaton F"]
[Result "0-1"]
[WhiteElo "2023"]
[BlackElo "2360"]
[PlyCount "90"]
[EventDate "2019.08.14"]
[EventType "swiss"]
[EventRounds "9"]
[EventCountry "USA"]
[SourceTitle "CBM 191 Extra"]
[Source "ChessBase"]
[SourceDate "2019.09.30"]
[SourceVersion "1"]
[SourceVersionDate "2019.09.30"]
[SourceQuality "1"]

1. Nf3 Nf6 2. g3 b6 3. Bg2 Bb7 4. c4 c5 5. Nc3 g6 6. 0-0 Bg7 7. Re1 0-0 8. e4 Nc6 9. e5 Ne8 10. d4 Nxd4 11. Nxd4 Bxg2 12. Kxg2 cxd4 13. Qxd4 d6 14. Bf4 dxe5 15. Qxd8 Rxd8 16. Bxe5 e6 17. Bxg7 Kxg7 18. Ne4 Rd4 19. Rac1 Nc7 20. c5 b5 21. Rcd1 Rfd8 22. Nd6 Rxd1 23. Rxd1 Kf8 24. Rd4 Ke7 25. Kf3 e5 26. Re4 f6 27. Rh4 h5 28. g4 hxg4+ 29. Kxg4 Ke6 30. Rh6 Na6 31. Rxg6 Nxc5 32. Nxb5 Rd2 33. Kf3 Rxb2 34. Nxa7 Nd3 35. h4 Kf5 36. Rg1 Rxf2+ 37. Ke3 Rxa2 38. Nb5 Nf4 39. Nd6+ Ke6 40. Ne8 Ng2+ 41. Kf3 Nxh4+ 42. Kg4 Ra4+ 43. Kh3 Nf3 44. Rg6 Ng5+ 45. Kg2 Kf7 0-1

[Event "Continental op 49th"]
[Site "Sturbridge"]
[Date "2019.08.16"]
[Round "4"]
[White "Wu, Brandon"]
[Black "Lapshun, Yury"]
[Result "1/2-1/2"]
[WhiteElo "2023"]
[BlackElo "2391"]
[PlyCount "65"]
[EventDate "2019.08.14"]
[EventType "swiss"]
[EventRounds "9"]
[EventCountry "USA"]
[SourceTitle "CBM 191 Extra"]
[Source "ChessBase"]
[SourceDate "2019.09.30"]
[SourceVersion "1"]
[SourceVersionDate "2019.09.30"]
[SourceQuality "1"]

1. Nf3 d5 2. c4 d4 3. b4 g5 4. Bb2 Bg7 5. Nxg5 e5 6. Ne4 f5 7. Ng3 Nf6 8. e3 0-0 9. Nh5 Nxh5 10. Qxh5 d3 11. g4 Nc6 12. a3 fxg4 13. h3 g3 14. fxg3 Qf6 15. Bxd3 Qf2+ 16. Kd1 Bf5 17. Bxf5 Rxf5 18. Qe2 Qxg3 19. Nc3 Rf2 20. Ne4 Rxe2 21. Nxg3 Rg2 22. Ne4 Bh6 23. Nf6+ Kf7 24. Nd5 Rd8 25. Kc2 Bxe3 26. Nxe3 Rdxd2+ 27. Kc3 Rxb2 28. Nxg2 Rxg2 29. Rhg1 Rh2 30. Rh1 Rg2 31. Rhg1 Rh2 32. Rh1 Rg2 33. Rhg1 1/2-1/2

[Event "Continental op 48th"]
[Site "Sturbridge"]
[Date "2018.08.19"]
[Round "7"]
[White "Wu, Brandon"]
[Black "Falcao, Wesley"]
[Result "1-0"]
[WhiteElo "1980"]
[BlackElo "2148"]
[PlyCount "97"]
[EventDate "2018.08.16"]
[EventType "swiss"]
[EventRounds "9"]
[EventCountry "USA"]
[SourceTitle "CBM 186 Extra"]
[Source "ChessBase"]
[SourceDate "2018.08.24"]
[SourceVersion "1"]
[SourceVersionDate "2018.08.24"]
[SourceQuality "1"]

1. Nf3 c5 2. c4 Nf6 3. g3 b6 4. Bg2 Bb7 5. 0-0 e6 6. Nc3 Be7 7. Re1 d6 8. e4 e5 9. Rb1 Nc6 10. d3 0-0 11. a3 Bc8 12. h3 Bd7 13. b4 Rc8 14. Bd2 Be6 15. Nd5 Qd7 16. Kh2 Ne8 17. Qa4 Bd8 18. g4 h6 19. bxc5 dxc5 20. Qc2 g5 21. Bc3 f6 22. Ne3 Rf7 23. Nf5 Rh7 24. Nd2 Bc7 25. Kg1 h5 26. Nf1 Bd8 27. N1g3 hxg4 28. hxg4 Bf7 29. f3 Nc7 30. Kf2 Ne6 31. Rh1 Bg6 32. Rxh7 Bxh7 33. Ne3 Nf4 34. Nd5 Bg6 35. Rh1 Kg7 36. Nf5+ Kf7 37. Bd2 Ne6 38. Qb1 Kg8 39. Rh6 Nf8 40. Qh1 Nd4 41. Rh8+ Kf7 42. Qh6 Nde6 43. f4 Rb8 44. fxe5 fxe5 45. Rxf8+ Nxf8 46. Qg7+ Ke8 47. Qxe5+ Ne6 48. Nd6+ Kf8 49. Qh8# 1-0

[Event "Continental op 48th"]
[Site "Sturbridge"]
[Date "2018.08.18"]
[Round "6"]
[White "Procyk, Marijan"]
[Black "Wu, Brandon"]
[Result "0-1"]
[WhiteElo "1940"]
[BlackElo "1980"]
[PlyCount "59"]
[EventDate "2018.08.16"]
[EventType "swiss"]
[EventRounds "9"]
[EventCountry "USA"]
[SourceTitle "CBM 186 Extra"]
[Source "ChessBase"]
[SourceDate "2018.08.24"]
[SourceVersion "1"]
[SourceVersionDate "2018.08.24"]
[SourceQuality "1"]

1. d4 Nf6 2. c4 g6 3. Nc3 d5 4. cxd5 Nxd5 5. e4 Nxc3 6. bxc3 Bg7 7. Bc4 c5 8. Ne2 0-0 9. Be3 Nc6 10. 0-0 Qc7 11. Rc1 b6 12. dxc5 bxc5 13. Bxc5 Rd8 14. Qa4 Ne5 15. Bd5 Rxd5 16. exd5 Qxc5 17. Qe8+ Bf8 18. c4 Bb7 19. Qa4 Rc8 20. Rc3 Nxc4 21. Rfc1 Qxd5 22. Nf4 Qd2 23. g3 Nb6 24. Qc2 Qd4 25. Rxc8 Nxc8 26. Rd1 Qf6 27. Qb3 Qc6 28. Kf1 e5 29. Nd5 Nb6 30. Nxb6 0-1